Eurojust

Eurojust je novým orgánom Európskej Únie, ktorý bol zriadený v roku 2002 s cieľom zvýšiť efektívnosť a kvalifikovanosť spolupráce úradov členských štátov pri vyšetrovaní a stíhaní závažných foriem cezhraničnej a organizovanej kriminality. 1 mája 2002 sa Eurojust rozšíril o 10 nových národných členov...

Ausführliche Beschreibung

Gespeichert in:
Bibliographische Detailangaben
1. Verfasser: Martyniv, Halina
Format: Buchkapitel
Sprache:Slowakisch
Schlagworte:
Tags: Tag hinzufügen
Keine Tags, Fügen Sie das erste Tag hinzu!

MARC

LEADER 00000nla$a2200000$$$4500
001 0067482
005 20240502071818.7
041 0 |a slo 
044 |a SK 
245 1 0 |a Eurojust  |c Halina Martyniv 
520 |a Eurojust je novým orgánom Európskej Únie, ktorý bol zriadený v roku 2002 s cieľom zvýšiť efektívnosť a kvalifikovanosť spolupráce úradov členských štátov pri vyšetrovaní a stíhaní závažných foriem cezhraničnej a organizovanej kriminality. 1 mája 2002 sa Eurojust rozšíril o 10 nových národných členov z nových členských štátov. Ciele Eurojustu. Všeobecné právomoci Eurojustu. 
610 2 0 |a kriminalita 
610 2 0 |a Európska únia 
610 2 0 |a dohody medzinárodné 
610 2 0 |a činnosť trestná 
100 1 |a Martyniv, Halina